|
|
|
|
| LEADER |
00000nab a2200000uu 4500 |
| 001 |
vtls011541053 |
| 003 |
SK-MaSNL |
| 005 |
20260303140453.0 |
| 008 |
230218|2012 xo |||||||||||||||||eng| |
| 015 |
|
|
|a SNBRB
|
| 035 |
|
|
|a (urnnbn)urn:nbn:sk:snk:ar-a09t47
|
| 035 |
|
|
|a (uuid)80461b09-84b7-4404-948d-12bc3b56d119
|
| 035 |
|
|
|a urn:nbn:sk:snk-abez59
|
| 040 |
|
|
|a SNKBUCL
|b slo
|c SNKBUCL
|e AACR2
|
| 041 |
0 |
|
|a eng
|
| 044 |
|
|
|a xo
|c SK
|
| 100 |
1 |
|
|a Blanár, Drahoš,
|d 1970-
|4 aut
|9 223796
|
| 245 |
1 |
0 |
|a New, rare and less known slime molds and fungi (Myxomycota, Zygomycota, Ascomycota, Basidiomycota) found in Central Slovakia
|c Drahoš Blanár, Ivan Mihal, Stanislav Glejdura
|
| 700 |
1 |
|
|a Mihál, Ivan,
|d 1965-
|4 aut
|9 27792
|
| 700 |
1 |
|
|a Glejdura, Stanislav
|4 aut
|9 821593
|
| 773 |
0 |
|
|t Folia oecologica
|g Roč. 39, č. 2 (2012), s. 121-129
|
| 958 |
|
|
|a OND
|
| 958 |
|
|
|a EUIPO
|
| 958 |
|
|
|a article22
|
| 999 |
|
|
|c 1972012
|d 1973942
|